Unreal engine 5 character creation, animation and cinematics : (Record no. 30595)

MARC details
000 -LEADER
fixed length control field 01214nam a22003258i 4500
001 - CONTROL NUMBER
control field 020659748
003 - CONTROL NUMBER IDENTIFIER
control field EG-ScBUE
005 - DATE AND TIME OF LATEST TRANSACTION
control field 20231022115243.0
008 - FIXED-LENGTH DATA ELEMENTS--GENERAL INFORMATION
fixed length control field 220621s2022 enka f b 001 0 eng d
020 ## - INTERNATIONAL STANDARD BOOK NUMBER
International Standard Book Number 9781801812443 (pbk.)
040 ## - CATALOGING SOURCE
Original cataloging agency StDuBDS
Language of cataloging eng
Description conventions rda
Transcribing agency StDuBDS
Modifying agency EG-ScBUE
082 04 - DEWEY DECIMAL CLASSIFICATION NUMBER
Classification number 006.696
Edition number 22
Item number VEN
100 1# - MAIN ENTRY--PERSONAL NAME
Personal name Venter, Henk,
Relator term author.
245 10 - TITLE STATEMENT
Title Unreal engine 5 character creation, animation and cinematics :
Remainder of title create custom 3D assets and bring them to life with Unreal Engine 5 using Nanite, Lumen, and Blender /
Statement of responsibility, etc Henk Venter, Wilhelm Ogterop.
250 ## - EDITION STATEMENT
Edition statement First edition.
264 #1 - PUBLICATION, DISTRIBUTION, ETC. (IMPRINT)
Place of publication, distribution, etc Birmingham :
Name of publisher, distributor, etc Packt Publishing,
Date of publication, distribution, etc 2022.
300 ## - PHYSICAL DESCRIPTION
Extent xxii, 584 pages :
Other physical details color illustrations ;
Dimensions 26 cm
336 ## - CONTENT TYPE
Content type term text
Source rdacontent
Content type code txt
337 ## - MEDIA TYPE
Media type term unmediated
Source rdamedia
Media type code n
338 ## - CARRIER TYPE
Carrier type term volume
Source rdacarrier
Carrier type code nc
500 ## - GENERAL NOTE
General note Print on demand edition.
504 ## - BIBLIOGRAPHY, ETC. NOTE
Bibliography, etc Includes bibliographical references and index.<br/>
650 #7 - SUBJECT ADDED ENTRY--TOPICAL TERM
Topical term or geographic name as entry element Computer animation.
Source of heading or term BUEsh
650 #7 - SUBJECT ADDED ENTRY--TOPICAL TERM
Topical term or geographic name as entry element Characters and characteristics in art.
Source of heading or term BUEsh
653 ## - INDEX TERM--UNCONTROLLED
Arrived date list October2023
Resource For college Arts and Design
Specialization Game Design
655 ## - INDEX TERM--GENRE/FORM
Form subdivision Reading book
700 1# - ADDED ENTRY--PERSONAL NAME
Personal name Ogterop, Wilhelm,
Relator term author.
776 08 - ADDITIONAL PHYSICAL FORM ENTRY
Display text ebook version :
International Standard Book Number 9781801819480
942 ## - ADDED ENTRY ELEMENTS (KOHA)
Source of classification or shelving scheme Dewey Decimal Classification
Koha item type Book - Borrowing
Holdings
Withdrawn status Lost status Source of classification or shelving scheme Damaged status Not for loan Collection code Home library Current library Shelving location Date acquired Source of acquisition Cost, normal purchase price Serial Enumeration / chronology Total Checkouts Full call number Barcode Date last seen Cost, replacement price Price effective from Koha item type
    Dewey Decimal Classification     Baccah Central Library Central Library Lower Floor 22/10/2023 Purchase 2635.00 37767   006.696 VEN 000056930 22/10/2023 3293.75 22/10/2023 Book - Borrowing
    Dewey Decimal Classification     Baccah Central Library Central Library Lower Floor 12/05/2025 Purchase 4192.00 39240   006.696 VEN 000057330 15/07/2025 5240.00 12/05/2025 Book - Borrowing